=LDR 00000nam 2200000 4500 =001 INLIS000000000039288 =005 20130612144927 =008 ***********************************Ind** =035 ##$$0010-061300000039288 =041 ##$$a Ind =082 ##$$a 371.27 =090 ##$$a 371.27, Sal m =100 ##$$a Sallis,Edward =245 ##$$a Manajemen Mutu Terpadu Pendidikan, Edward Sallis ; Alih Bahasa, Ahmad Ali Riyadi ; Penyunting, Yusuf Anas =260 ##$$a 2011 $b Yogyakarta =300 ##$$a 281 Hlm, 20 Cm =700 ##$$a Riyadi, Ahmad Ali, Anas, Yusuf =850 ##$$a NBPNMAT